|
|
|
|
| LEADER |
00690nab a2200205 i 4500 |
| 001 |
publ20272 |
| 005 |
20210119094013.0 |
| 008 |
210119s2020 hu o 0|| zxx d |
| 022 |
|
|
|a 1788-7593
|
| 024 |
7 |
|
|a 31783657
|2 mtmt
|
| 040 |
|
|
|a SZTE Publicatio Repozitórium
|b hun
|
| 041 |
|
|
|a zxx
|
| 100 |
1 |
|
|a Csikós Sándor
|
| 245 |
1 |
0 |
|a RFID adatbiztonság
|h [elektronikus dokumentum] /
|c Csikós Sándor
|
| 260 |
|
|
|c 2020
|
| 300 |
|
|
|a 133-138
|
| 490 |
0 |
|
|a JELENKORI TÁRSADALMI ÉS GAZDASÁGI FOLYAMATOK
|v 15 No. 3-4
|
| 700 |
0 |
1 |
|a Sárosi József
|e aut
|
| 700 |
0 |
1 |
|a Czifra György
|e aut
|
| 856 |
4 |
0 |
|u http://publicatio.bibl.u-szeged.hu/20272/1/34152-ArticleText-38998-1-10-20201217.pdf
|z Dokumentum-elérés
|